[Event "Campeonato de Aragon por Equipos 2024 - "]
[Site "?"]
[Date "2024.03.23"]
[Round "9.17"]
[White "Baron Rodriguez, Jesus"]
[Black "Atares Buisan, Sergio"]
[Result "1/2-1/2"]
[WhiteElo "2404"]
[BlackElo "1937"]
[PlyCount "97"]
[GameId "2166508141154940"]
[EventDate "2024.01.27"]
[WhiteTeam "Iberajedrez Mundo 64"]
[BlackTeam "Marcos Frechin B"]

1. e4 c5 2. Nc3 Nc6 3. f4 e6 4. Nf3 d5 5. Bb5 d4 6. Bxc6+ bxc6 7. Ne2 d3 8. cxd3 Qxd3 9. Qa4 Qb5 10. Qc2 Ba6 11. Nc3 Qb6 12. b3 Rd8 13. Ne5 Bd6 14. Na4 Qb5 15. Nc4 Bxf4 16. Bb2 Bxd2+ 17. Kf2 Nf6 18. Bxf6 gxf6 19. Rhd1 Bf4 20. Rxd8+ Kxd8 21. Rd1+ Ke7 22. Qd3 Rc8 23. e5 Bxe5 24. Nxe5 fxe5 25. Qd6+ Kf6 26. Re1 Qb8 27. Qxc5 Rd8 28. Qe3 Rd4 29. Nc5 Bc8 30. Ne4+ Ke7 31. Qg5+ Kf8 32. g3 Qb6 33. Kg2 Qb4 34. Rf1 Ba6 35. Rf2 Bd3 36. Qh6+ Ke8 37. Nf6+ Kd8 38. Qg5 Kc7 39. Qxe5+ Kb7 40. Ne8 Be4+ 41. Kh3 Bf5+ 42. Rxf5 exf5 43. Qc7+ Ka6 44. Qxc6+ Ka5 45. Qc7+ Qb6 46. Qc3+ Qb4 47. Qc7+ Qb6 48. Qc3+ Qb4 49. Qc7+ 1/2-1/2

[Event "Campeonato de Aragon por Equipos 2024 - "]
[Site "?"]
[Date "2024.03.23"]
[Round "9.18"]
[White "Perez Tomas, Juan Manuel"]
[Black "Palacios Latasa, Elias"]
[Result "1-0"]
[WhiteElo "1862"]
[BlackElo "2170"]
[PlyCount "75"]
[GameId "2166508141191805"]
[EventDate "2024.01.27"]
[WhiteTeam "Marcos Frechin B"]
[BlackTeam "Iberajedrez Mundo 64"]

1. e4 Nf6 2. e5 Nd5 3. d4 d6 4. c4 Nb6 5. f4 dxe5 6. fxe5 c5 7. d5 e6 8. Nc3 exd5 9. cxd5 c4 10. Bf4 Bb4 11. Bxc4 Bxc3+ 12. bxc3 Nxc4 13. Qa4+ Nd7 14. Qxc4 Nb6 15. Qb5+ Qd7 16. Qxd7+ Bxd7 17. Rd1 Rc8 18. Ne2 Bg4 19. Rd3 Rc5 20. d6 Kd7 21. h3 Bxe2 22. Kxe2 Nd5 23. Bg3 Nxc3+ 24. Kf3 Nxa2 25. Ra1 Nb4 26. Rb3 a5 27. Be1 Rxe5 28. Bxb4 axb4 29. Rxb4 b5 30. Rd4 Rb8 31. Ra7+ Ke8 32. Rf4 g6 33. Rfxf7 Rf5+ 34. Rxf5 gxf5 35. Kf4 Kf8 36. Rxh7 Kg8 37. Rc7 Rd8 38. Ke5 1-0

[Event "Campeonato de Aragon por Equipos 2024 - "]
[Site "?"]
[Date "2024.03.23"]
[Round "9.19"]
[White "Villalba Embid, Marcos"]
[Black "Prats Fares, Nahuel"]
[Result "1/2-1/2"]
[WhiteElo "2103"]
[BlackElo "1763"]
[PlyCount "157"]
[GameId "2166508141228670"]
[EventDate "2024.01.27"]
[WhiteTeam "Iberajedrez Mundo 64"]
[BlackTeam "Marcos Frechin B"]

1. c4 e5 2. Nc3 Nc6 3. g3 g6 4. Bg2 Bg7 5. Nf3 Nge7 6. O-O O-O 7. Rb1 a5 8. a3 d6 9. d3 h6 10. b4 axb4 11. axb4 Be6 12. b5 Nb8 13. Nd2 Qc8 14. Re1 Bh3 15. Bh1 Nd7 16. Bb2 Nc5 17. Nb3 Rb8 18. Nxc5 dxc5 19. Ra1 b6 20. Ra7 Be6 21. Qa1 Qd8 22. Ne4 f6 23. Bc3 Nf5 24. Qb2 Nd4 25. e3 Nf5 26. Qe2 Nd6 27. Rea1 Nxe4 28. Bxe4 f5 29. Bc6 Qd6 30. e4 Rbd8 31. Bd5 Rd7 32. Ra8 Rdf7 33. Rxf8+ Rxf8 34. Qb2 Bxd5 35. exd5 Re8 36. Re1 Re7 37. Qa1 Kh7 38. Qa8 e4 39. Bxg7 Kxg7 40. dxe4 fxe4 41. Qa1+ Qf6 42. Kf1 Qd4 43. Rd1 Qxa1 44. Rxa1 Kf6 45. Ke2 Ke5 46. Ke3 Rf7 47. Ra7 Rf3+ 48. Ke2 Rc3 49. Rxc7 Rxc4 50. Rc6 Kxd5 51. Rxg6 Rc2+ 52. Ke3 c4 53. Rxb6 Rc3+ 54. Kd2 Rb3 55. Rxh6 Rb2+ 56. Kc3 Rb3+ 57. Kd2 Rb2+ 58. Ke1 Rb1+ 59. Ke2 Rb2+ 60. Kf1 c3 61. Rc6 Kd4 62. Ke1 Rxb5 63. Rd6+ Kc4 64. Ke2 Kb3 65. Rc6 c2 66. Ke3 Rb4 67. Rxc2 Kxc2 68. h4 Kd1 69. h5 Ke1 70. g4 Rb3+ 71. Kxe4 Kxf2 72. h6 Rh3 73. g5 Rh5 74. Kf4 Rh4+ 75. Kf5 Kf3 76. g6 Rh5+ 77. Kf6 Rxh6 78. Kf7 Rxg6 79. Kxg6 1/2-1/2

[Event "Campeonato de Aragon por Equipos 2024 - "]
[Site "?"]
[Date "2024.03.23"]
[Round "9.20"]
[White "Sanz Pueyo, Adrian"]
[Black "Garcia Acin, Pablo"]
[Result "0-1"]
[WhiteElo "1608"]
[BlackElo "1976"]
[PlyCount "70"]
[GameId "2166508141261439"]
[EventDate "2024.01.27"]
[WhiteTeam "Marcos Frechin B"]
[BlackTeam "Iberajedrez Mundo 64"]

1. e4 c5 2. Nf3 d6 3. d4 Nf6 4. Nc3 cxd4 5. Nxd4 a6 6. h3 e5 7. Nde2 h5 8. Bg5 Be6 9. Qd2 Be7 10. O-O-O Nbd7 11. Ng3 b5 12. h4 Qa5 13. Kb1 b4 14. Nd5 Bxd5 15. exd5 g6 16. Be2 Nc5 17. Qe3 Rb8 18. f4 Na4 19. Qa7 O-O 20. Qxe7 Nc3+ 21. Kc1 Nfxd5 22. Rxd5 Nxa2+ 23. Kd1 Qxd5+ 24. Bd3 Qxg2 25. Bh6 Nc3+ 26. Kc1 Qxg3 27. b3 Qe3+ 28. Kb2 Qd4 29. Kc1 Nd5 30. Qxd6 Qa1+ 31. Kd2 Qxh1 32. Bxf8 Rxf8 33. f5 Qg2+ 34. Ke1 Nf4 35. Bxa6 Qe4+ 0-1

[Event "Campeonato de Aragon por Equipos 2024 - "]
[Site "?"]
[Date "2024.03.23"]
[Round "9.21"]
[White "Lopez Caudevilla, David"]
[Black "Lana Rodriguez, David"]
[Result "0-1"]
[WhiteElo "2180"]
[BlackElo "2382"]
[PlyCount "102"]
[GameId "2166508141298304"]
[EventDate "2024.01.27"]
[WhiteTeam "Actur Rey Fernando"]
[BlackTeam "Teruel"]

1. e4 e6 2. d3 d5 3. Nd2 Nf6 4. Ngf3 Nc6 5. g3 e5 6. Bg2 dxe4 7. dxe4 Bc5 8. O-O O-O 9. a3 a5 10. b3 b6 11. h3 Ba6 12. Re1 Qe7 13. Bb2 Rfd8 14. Qc1 Nd4 15. Nxd4 Bxd4 16. Bxd4 Rxd4 17. Nf1 Bxf1 18. Kxf1 Rad8 19. Qe3 Qc5 20. c3 Qb5+ 21. Qe2 Qxe2+ 22. Rxe2 Rd1+ 23. Rxd1 Rxd1+ 24. Re1 Rd3 25. Re3 Rd1+ 26. Re1 Rd2 27. Re2 Rd8 28. Ke1 Ne8 29. Rd2 Nd6 30. Bf1 Kf8 31. Ke2 Ke7 32. f3 a4 33. bxa4 Ra8 34. Rd5 f6 35. a5 c6 36. Rd2 Rxa5 37. Rb2 b5 38. Ra2 Nc4 39. Kd1 Ne3+ 40. Ke2 Nxf1 41. Kxf1 Kd6 42. Ke2 Kc5 43. Kd3 Ra7 44. c4 bxc4+ 45. Kc3 Rd7 46. Rd2 Rb7 47. Rb2 Rb5 48. g4 g5 49. Kc2 Kd4 50. a4 Rxb2+ 51. Kxb2 c3+ 0-1

[Event "Campeonato de Aragon por Equipos 2024 - "]
[Site "?"]
[Date "2024.03.23"]
[Round "9.22"]
[White "Dominguez Bujeda, Jesus"]
[Black "Abos Rosico, Antonio"]
[Result "1-0"]
[WhiteElo "2062"]
[BlackElo "2071"]
[PlyCount "111"]
[GameId "2166508141339265"]
[EventDate "2024.01.27"]
[WhiteTeam "Teruel"]
[BlackTeam "Actur Rey Fernando"]

1. d4 Nf6 2. c4 g6 3. Nc3 Bg7 4. e4 d6 5. h3 O-O 6. Be3 e5 7. d5 Na6 8. g4 Nc5 9. f3 c6 10. b4 cxd5 11. cxd5 Na6 12. Rb1 Bd7 13. Qd2 h5 14. Nge2 b5 15. Ng3 h4 16. Nge2 Nh7 17. g5 f6 18. gxf6 Qxf6 19. Ng1 Nc7 20. Rh2 Rfb8 21. Rg2 a5 22. a3 axb4 23. axb4 Ra3 24. Qc1 Rba8 25. Bb6 Ne8 26. Ba5 R3xa5 27. bxa5 Rxa5 28. Bxb5 Nf8 29. Bxd7 Nxd7 30. Qg5 Nc5 31. Rb8 Kf7 32. Qxf6+ Nxf6 33. Ra2 Rxa2 34. Nxa2 Bh6 35. Nb4 Be3 36. Ne2 Nh5 37. Rd8 Nb3 38. Nc6 Bc5 39. Rb8 Nd4 40. Ncxd4 exd4 41. Kd2 Kf6 42. Kd3 Kg5 43. Rf8 Bb6 44. f4+ Kh6 45. Rh8+ Kg7 46. Rxh5 gxh5 47. Nxd4 Kf6 48. Nf5 Bc5 49. Nxh4 Bf2 50. Nf5 Bc5 51. Kc4 Ba3 52. Nxd6 Bc1 53. e5+ Ke7 54. Nf5+ Kd8 55. Ng7 h4 56. Nh5 1-0

[Event "Campeonato de Aragon por Equipos 2024 - "]
[Site "?"]
[Date "2024.03.23"]
[Round "9.23"]
[White "Garcia Alvarez, Sergio"]
[Black "Martin Catalan, Juan Vicente"]
[Result "0-1"]
[WhiteElo "1796"]
[BlackElo "1914"]
[PlyCount "114"]
[GameId "2166508141372034"]
[EventDate "2024.01.27"]
[WhiteTeam "Actur Rey Fernando"]
[BlackTeam "Teruel"]

1. e4 e6 2. d4 d5 3. exd5 exd5 4. c4 c6 5. Nf3 Bd6 6. Nc3 Ne7 7. Bd3 Nd7 8. cxd5 cxd5 9. O-O h6 10. Re1 O-O 11. Rxe7 Bxe7 12. Nxd5 Nf6 13. Nxf6+ Bxf6 14. Be3 Bg4 15. h3 Bh5 16. g4 Bg6 17. Bxg6 fxg6 18. Qb3+ Rf7 19. Rd1 Qb6 20. Qxb6 axb6 21. a3 Rd8 22. h4 Rd5 23. g5 hxg5 24. hxg5 Bd8 25. Ne5 Rf5 26. f4 Bxg5 27. fxg5 Rfxe5 28. Kf2 Re6 29. Kf3 Rf5+ 30. Bf4 Rd5 31. Rd3 b5 32. Re3 Rxe3+ 33. Kxe3 Kf7 34. Ke4 Ke6 35. Be5 Rd7 36. Bf4 Rd5 37. b3 Rd8 38. Bc7 Rd5 39. Bf4 Rd8 40. Be5 Rd5 41. b4 Rd7 42. Kf4 Kd5 43. Ke3 Rf7 44. Bg3 Rf5 45. Bc7 Rxg5 46. Kf4 Rf5+ 47. Ke3 Rf1 48. Be5 Re1+ 49. Kf4 Rxe5 50. dxe5 Ke6 51. Ke4 g5 52. Kd4 g4 53. Kc5 g3 54. Kxb5 g2 55. a4 g1=Q 56. a5 g5 57. a6 bxa6+ 0-1

[Event "Campeonato de Aragon por Equipos 2024 - "]
[Site "?"]
[Date "2024.03.23"]
[Round "9.24"]
[White "Navarro Remon, Mario"]
[Black "Aviol Perez, Jose Mariano"]
[Result "0-1"]
[WhiteElo "1864"]
[BlackElo "1716"]
[PlyCount "68"]
[GameId "2166508141421187"]
[EventDate "2024.01.27"]
[WhiteTeam "Teruel"]
[BlackTeam "Actur Rey Fernando"]

1. d4 d5 2. c4 e6 3. Nf3 Nf6 4. Bg5 c6 5. e3 Nbd7 6. cxd5 exd5 7. Bd3 Be7 8. Nc3 O-O 9. O-O Re8 10. Qc2 Nf8 11. Na4 Ne4 12. Bf4 Ng6 13. Bg3 Bd6 14. Nc5 Nxc5 15. dxc5 Bxg3 16. hxg3 Qf6 17. Rab1 a5 18. a3 Ne5 19. Nd4 Nxd3 20. Qxd3 a4 21. Qc3 h6 22. f3 Qe5 23. Kf2 Qe7 24. Ne2 Ra5 25. Rbc1 Rb5 26. e4 Rb3 27. Qd4 dxe4 28. f4 e3+ 29. Kg1 Bg4 30. Rc2 Bf5 31. Rcc1 Bd3 32. Rfe1 Rd8 33. Qxa4 Rxb2 34. Nd4 Qe4 0-1

[Event "Campeonato de Aragon por Equipos 2024 - "]
[Site "?"]
[Date "2024.03.23"]
[Round "9.25"]
[White "Ramon Perez, Jose Luis"]
[Black "Accattato Martin, Mario"]
[Result "1-0"]
[WhiteElo "2189"]
[BlackElo "2250"]
[PlyCount "71"]
[GameId "2166508141511300"]
[EventDate "2024.01.27"]
[WhiteTeam "Fraga"]
[BlackTeam "Monzon"]

1. e4 c6 2. d4 g6 3. c4 d5 4. e5 Bg7 5. Nc3 h5 6. Qb3 Nh6 7. cxd5 O-O 8. Nf3 cxd5 9. Be2 Nc6 10. O-O Rb8 11. Rd1 Bg4 12. Bf4 Nf5 13. Qxd5 Qxd5 14. Nxd5 Bxf3 15. Bxf3 Nfxd4 16. Nxe7+ Kh7 17. Nxc6 Nxf3+ 18. gxf3 bxc6 19. Rd7 Rb4 20. Be3 Rb5 21. f4 a5 22. Rad1 g5 23. a4 Rb3 24. Re7 Kg6 25. Rdd7 gxf4 26. Bxf4 Rxb2 27. e6 Re2 28. Be3 Bh6 29. Kf1 Rb2 30. Bxh6 Kxh6 31. Rxf7 Re8 32. e7 Rbb8 33. Rd6+ Kg5 34. Kg2 h4 35. h3 Rbc8 36. f4+ 1-0

[Event "Campeonato de Aragon por Equipos 2024 - "]
[Site "?"]
[Date "2024.03.23"]
[Round "9.26"]
[White "Arrieta Restrepo, Steven"]
[Black "Vallverdu Miret, Oscar"]
[Result "1-0"]
[WhiteElo "2079"]
[BlackElo "2084"]
[PlyCount "95"]
[GameId "2166508141560453"]
[EventDate "2024.01.27"]
[WhiteTeam "Monzon"]
[BlackTeam "Fraga"]

1. Nf3 d5 2. g3 Nf6 3. Bg2 g6 4. c4 c6 5. d4 Bg7 6. O-O O-O 7. Nc3 Nbd7 8. cxd5 Nxd5 9. e4 Nxc3 10. bxc3 c5 11. Rb1 Nb6 12. h3 cxd4 13. cxd4 Bd7 14. Qb3 Ba4 15. Qd3 Rc8 16. Rb4 a6 17. Re1 Bb5 18. Qd1 Rc4 19. Rxc4 Bxc4 20. a4 Nc8 21. Qd2 b5 22. axb5 Bxb5 23. Qb4 Qd6 24. Qxd6 Nxd6 25. Ba3 Re8 26. e5 Nc4 27. Bc5 e6 28. Bf1 Bh6 29. Ra1 Rc8 30. Ra2 Bf8 31. Bxf8 Kxf8 32. Rc2 Ke7 33. Ra2 h6 34. Ne1 Rd8 35. Nc2 f6 36. f4 fxe5 37. fxe5 Rf8 38. Bg2 g5 39. Ra1 Rf7 40. Nb4 Kd8 41. Nc6+ Kc7 42. Nb4 Rd7 43. d5 exd5 44. Nxd5+ Kd8 45. e6 Rd6 46. Re1 Be8 47. Nf6 Nb6 48. e7+ 1-0

[Event "Campeonato de Aragon por Equipos 2024 - "]
[Site "?"]
[Date "2024.03.23"]
[Round "9.27"]
[White "Aribau Rivas, Miguel Angel"]
[Black "Barranco Mananet, Fernando"]
[Result "1/2-1/2"]
[WhiteElo "2029"]
[BlackElo "2013"]
[PlyCount "44"]
[GameId "2166508141605510"]
[EventDate "2024.01.27"]
[WhiteTeam "Fraga"]
[BlackTeam "Monzon"]

1. e4 d6 2. d4 Nf6 3. Nc3 e5 4. Nf3 Nbd7 5. Bc4 Be7 6. O-O O-O 7. Re1 c6 8. a4 a5 9. h3 Qc7 10. Ba2 Rb8 11. Be3 b5 12. axb5 cxb5 13. dxe5 dxe5 14. Nd5 Nxd5 15. exd5 Bd6 16. c3 Nb6 17. Bxb6 Rxb6 18. Qd3 g6 19. Qe3 f6 20. h4 Bg4 21. Nh2 Bc8 22. h5 Kg7 1/2-1/2

[Event "Campeonato de Aragon por Equipos 2024 - "]
[Site "?"]
[Date "2024.03.23"]
[Round "9.28"]
[White "Hidalgo Gracia, Andres"]
[Black "Agustin De Dios, Adrian"]
[Result "1-0"]
[WhiteElo "1835"]
[BlackElo "1752"]
[PlyCount "104"]
[GameId "2166508141646471"]
[EventDate "2024.01.27"]
[WhiteTeam "Monzon"]
[BlackTeam "Fraga"]

1. Nf3 c5 2. c4 e6 3. Nc3 Nf6 4. d4 cxd4 5. Nxd4 a6 6. e3 Qc7 7. Be2 Be7 8. O-O O-O 9. Qc2 d6 10. b3 Nbd7 11. Bb2 b6 12. Bf3 Bb7 13. Bxb7 Qxb7 14. Rfd1 Rac8 15. Qe2 Nc5 16. Qf3 Nfe4 17. Nxe4 Qxe4 18. Qxe4 Nxe4 19. f3 Nc5 20. e4 Rfd8 21. Rac1 Bf6 22. Rc2 Nb7 23. Rcd2 Kf8 24. Ba3 Nc5 25. g3 Bxd4+ 26. Rxd4 e5 27. Rd5 Ke7 28. R1d2 Rd7 29. Kf2 g6 30. Ke3 Ke6 31. f4 f6 32. g4 exf4+ 33. Kxf4 Re8 34. b4 Nb7 35. c5 Nd8 36. Rxd6+ Rxd6 37. Rxd6+ Ke7 38. Rxb6 Ne6+ 39. Ke3 Kd7 40. Rxa6 Ng5 41. Rd6+ Kc7 42. Rd4 f5 43. gxf5 gxf5 44. e5 Ne6 45. Rd6 Ng5 46. Kf4 Nf7 47. Ra6 Nxe5 48. Kxf5 Nc4 49. Bc1 Kb7 50. Rh6 Re1 51. Bf4 Rf1 52. a4 Ne3+ 1-0

[Event "Preferente Aragonesa 2024 - Grupo I"]
[Site "?"]
[Date "2024.03.23"]
[Round "9.33"]
[White "Galicia Gracia, Pablo"]
[Black "Baldellou Vicente, Roberto"]
[Result "1-0"]
[WhiteElo "1890"]
[BlackElo "1933"]
[PlyCount "59"]
[GameId "2166508141822604"]
[EventDate "2024.01.27"]
[WhiteTeam "Enroque de Barbastro"]
[BlackTeam "San Jose"]

1. e4 e6 2. d4 d5 3. exd5 exd5 4. Bd3 Nc6 5. c3 Bd6 6. Nf3 Qe7+ 7. Be3 Nf6 8. O-O O-O 9. Re1 Be6 10. Bg5 h6 11. Bh4 g5 12. Bg3 Rfe8 13. Nbd2 Nh5 14. Bxd6 cxd6 15. Ne5 Nf4 16. Nxc6 bxc6 17. Nf1 Qf6 18. Ne3 Rab8 19. Rb1 Kg7 20. Bf1 Bf5 21. Nxf5+ Qxf5 22. Qd2 Re6 23. g3 Nh5 24. Rxe6 Qxe6 25. Re1 Rxb2 26. Qc1 Rc2 27. Qd1 Qf5 28. Bg2 Rxa2 29. g4 Qf4 30. gxh5 1-0

[Event "Preferente Aragonesa 2024 - Grupo I"]
[Site "?"]
[Date "2024.03.23"]
[Round "9.34"]
[White "Palomar Ramon, Santiago"]
[Black "Delgado Pascual, Hugo"]
[Result "1-0"]
[WhiteElo "1879"]
[BlackElo "1717"]
[PlyCount "73"]
[GameId "2166508141863565"]
[EventDate "2024.01.27"]
[WhiteTeam "San Jose"]
[BlackTeam "Enroque de Barbastro"]

1. e4 c5 2. Nf3 d6 3. d4 Nf6 4. Nc3 cxd4 5. Nxd4 a6 6. Bc4 e6 7. Bb3 Nbd7 8. f4 Nc5 9. O-O Ncxe4 10. Nxe4 Nxe4 11. f5 Nc5 12. fxe6 fxe6 13. Qf3 Qf6 14. Qe3 Qe5 15. Qf2 Be7 16. Bf4 Qf6 17. Qd2 Qg6 18. Be3 e5 19. Bf7+ Qxf7 20. Rxf7 Kxf7 21. Nf3 Nd7 22. Qd5+ Ke8 23. Ng5 Rf8 24. Ne6 Nf6 25. Nxg7+ Kd7 26. Qe6+ Kc6 27. Qc4+ Kd7 28. Bb6 Bd8 29. Bxd8 Kxd8 30. Rf1 Ke7 31. Qc7+ Bd7 32. Nf5+ Ke6 33. Qxd6+ Kf7 34. Qe7+ Kg6 35. Qg7+ Kh5 36. Qh6+ Kg4 37. h3# 1-0

[Event "Preferente Aragonesa 2024 - Grupo I"]
[Site "?"]
[Date "2024.03.23"]
[Round "9.35"]
[White "Rubiella Moreno, Oscar"]
[Black "Rubio Tello, Abel"]
[Result "1-0"]
[WhiteElo "1691"]
[BlackElo "1816"]
[PlyCount "67"]
[GameId "2166508141953678"]
[EventDate "2024.01.27"]
[WhiteTeam "Enroque de Barbastro"]
[BlackTeam "San Jose"]

1. e4 e6 2. d4 d5 3. e5 c5 4. c3 Bd7 5. Nf3 Qb6 6. Bd3 Bb5 7. dxc5 Bxc5 8. b4 Be7 9. a4 Bxd3 10. Qxd3 a6 11. O-O Nd7 12. Re1 Nh6 13. Na3 O-O 14. Bxh6 gxh6 15. Qd2 Kh8 16. Qxh6 Rg8 17. Nc2 Rg6 18. Qe3 Rag8 19. g3 Qc7 20. Ncd4 Bf8 21. Ne2 Bh6 22. Nf4 Rg4 23. Nxe6 fxe6 24. Qxh6 Qxc3 25. Qxe6 Qxf3 26. Qxd7 R4g7 27. Qh3 Rf8 28. Qg2 Qc3 29. e6 Qxb4 30. Qxd5 h5 31. Qxh5+ Rh7 32. Qe5+ Kg8 33. Re4 Rg7 34. Rxb4 1-0

[Event "Preferente Aragonesa 2024 - Grupo I"]
[Site "?"]
[Date "2024.03.23"]
[Round "9.36"]
[White "Tarela Perez, Jose Gerardo"]
[Black "Carrera Angulo, Nicolas"]
[Result "1-0"]
[WhiteElo "1688"]
[BlackElo "1604"]
[PlyCount "108"]
[GameId "2166508141990543"]
[EventDate "2024.01.27"]
[WhiteTeam "San Jose"]
[BlackTeam "Enroque de Barbastro"]

1. e4 c5 2. Nf3 d6 3. c3 Nf6 4. Bd3 a6 5. a4 e5 6. Bc2 Nc6 7. d4 cxd4 8. cxd4 Bg4 9. d5 Nd4 10. Nc3 Be7 11. Be3 Nxc2+ 12. Qxc2 O-O 13. Nd2 Rc8 14. a5 Qd7 15. Qb3 Bh5 16. Nc4 Qg4 17. O-O Bg6 18. f3 Qh4 19. Rfc1 Nd7 20. Na4 Bg5 21. Bf2 Qh6 22. Rc2 Nf6 23. Rd1 Bf4 24. g3 Nxe4 25. fxe4 Bxe4 26. Re2 Qg6 27. Be1 Bf3 28. Qxf3 Rxc4 29. Nc3 Rfc8 30. Kh1 Bg5 31. Bd2 R8c5 32. Bxg5 Qxg5 33. Ne4 Rxe4 34. Qxe4 f5 35. Qe3 Qg4 36. Red2 Rxa5 37. Rc1 Rb5 38. Kg2 f4 39. Qf3 Qxf3+ 40. Kxf3 Rb3+ 41. Kg4 fxg3 42. hxg3 h5+ 43. Kh4 Kh7 44. Rc3 Rb4+ 45. Kxh5 g6+ 46. Kg5 Rd4 47. Rh2+ Kg7 48. Rc7+ Kg8 49. Rh4 Rd3 50. g4 e4 51. Kxg6 Rf3 52. Rc8+ Rf8 53. Rxf8+ Kxf8 54. g5 e3 1-0

[Event "Preferente Aragonesa 2024 - Grupo I"]
[Site "?"]
[Date "2024.03.23"]
[Round "9.37"]
[White "Faro Perella, Alberto"]
[Black "Aranaz Murillo, Amalia"]
[Result "0-1"]
[WhiteElo "1934"]
[BlackElo "2235"]
[PlyCount "50"]
[GameId "2166508142035600"]
[EventDate "2024.01.27"]
[WhiteTeam "Binefar"]
[BlackTeam "Palacio De Pioneros B"]

1. d4 Nf6 2. c4 c5 3. d5 b5 4. cxb5 a6 5. Nc3 axb5 6. Nxb5 Ba6 7. Nc3 g6 8. g3 d6 9. Bg2 Bg7 10. e4 O-O 11. Nge2 Nbd7 12. O-O Qb6 13. b3 Nxe4 14. Bxe4 Bxe2 15. Qxe2 Bxc3 16. Bb2 Bxb2 17. Qxb2 Rfb8 18. Qe2 Nf6 19. Bg2 Ra7 20. h4 Qb5 21. Qc2 Ng4 22. h5 Ne5 23. Rfd1 Qb4 24. Qe2 Qg4 25. Qxg4 Nxg4 0-1

[Event "Preferente Aragonesa 2024 - Grupo I"]
[Site "?"]
[Date "2024.03.23"]
[Round "9.38"]
[White "Sacristan Latorre, Alberto"]
[Black "Ballarin Corvinos, Jorge"]
[Result "1/2-1/2"]
[WhiteElo "2090"]
[BlackElo "1770"]
[PlyCount "117"]
[GameId "2166508142080657"]
[EventDate "2024.01.27"]
[WhiteTeam "Palacio De Pioneros B"]
[BlackTeam "Binefar"]

1. e4 c5 2. c3 e6 3. d4 Nf6 4. e5 Nd5 5. Nf3 Nc6 6. Bc4 cxd4 7. cxd4 d6 8. O-O Be7 9. Bxd5 exd5 10. Nc3 dxe5 11. Nxe5 O-O 12. Bf4 Bf5 13. Rc1 Rc8 14. Qa4 a6 15. Nxc6 Rxc6 16. Qb3 Bd3 17. Rfe1 Bf6 18. Nxd5 Rxc1 19. Rxc1 Be4 20. Nxf6+ Qxf6 21. Qg3 Qb6 22. b3 f6 23. Rc7 Bg6 24. Qc3 Bf7 25. h3 Rd8 26. Qe3 Qb4 27. Qe4 Bd5 28. Qe3 Bf7 29. Qe4 Bd5 30. Qe7 Qxe7 31. Rxe7 Kf8 32. Rc7 Bc6 33. Be3 Rd7 34. Rxd7 Bxd7 35. d5 Bf5 36. Bc5+ Ke8 37. b4 Be4 38. d6 Kd7 39. a4 b6 40. Bxb6 Kxd6 41. Kf1 Bc6 42. a5 Bb5+ 43. Ke1 Ke5 44. h4 Kf4 45. Kd2 Kg4 46. g3 Kf3 47. Kc3 h5 48. Be3 g5 49. hxg5 fxg5 50. Bxg5 Kxf2 51. Bh4 Kf3 52. Kd4 Kg4 53. Ke5 Bf1 54. Kf6 Bb5 55. Kg6 Bf1 56. Kh6 Bb5 57. Be7 Bf1 58. Bd6 Bb5 59. Kg6 1/2-1/2

[Event "Preferente Aragonesa 2024 - Grupo I"]
[Site "?"]
[Date "2024.03.23"]
[Round "9.39"]
[White "Rosa Garcia, Jesus"]
[Black "Colom Sienes, Eduardo"]
[Result "0-1"]
[WhiteElo "1704"]
[BlackElo "2070"]
[PlyCount "104"]
[GameId "2166508142117522"]
[EventDate "2024.01.27"]
[WhiteTeam "Binefar"]
[BlackTeam "Palacio De Pioneros B"]

1. b4 Nf6 2. Bb2 g6 3. c4 Bg7 4. Nf3 d6 5. e3 O-O 6. Be2 e5 7. d3 Qe7 8. Nbd2 Nbd7 9. Rc1 c6 10. a3 Re8 11. O-O h6 12. Qc2 Nf8 13. Rfd1 N6d7 14. a4 f5 15. e4 Ne6 16. a5 Rf8 17. Qb3 Kh7 18. Ba1 b6 19. Qa3 Bb7 20. a6 Bc8 21. Bc3 c5 22. b5 f4 23. Nf1 g5 24. h3 h5 25. N1h2 Bh6 26. Qb2 Rg8 27. Kf1 g4 28. hxg4 hxg4 29. Ng1 Nf6 30. Ke1 Nd4 31. Bxd4 cxd4 32. f3 Nxe4 33. dxe4 Qh4+ 34. Kd2 Qxh2 35. Kc2 Qxg2 36. Kb1 g3 37. Rd2 Qh1 38. Bd3 Qh5 39. Qb4 Qg6 40. Rg2 Bd7 41. Qd2 Rg7 42. Rd1 Rh8 43. Qc2 Kg8 44. c5 dxc5 45. Qb3+ Be6 46. Bc4 Bxc4 47. Qxc4+ Qf7 48. Qd3 Bg5 49. Ne2 Be7 50. Rdg1 c4 51. Qd1 Bc5 52. Nc1 Rgh7 0-1

[Event "Preferente Aragonesa 2024 - Grupo I"]
[Site "?"]
[Date "2024.03.23"]
[Round "9.40"]
[White "Caballero Ortin, Jorge"]
[Black "Quintilla Alonso, Nicolas"]
[Result "0-1"]
[WhiteElo "1724"]
[BlackElo "1569"]
[PlyCount "134"]
[GameId "2166508142150291"]
[EventDate "2024.01.27"]
[WhiteTeam "Palacio De Pioneros B"]
[BlackTeam "Binefar"]

1. e4 Nf6 2. e5 Nd5 3. c4 Nb6 4. c5 Nd5 5. Nc3 e6 6. Bc4 Nxc3 7. dxc3 Qh4 8. Qd4 Qxd4 9. cxd4 b6 10. Be3 Ba6 11. Rc1 Bxc4 12. Rxc4 Nc6 13. Nf3 Be7 14. O-O f6 15. a3 bxc5 16. exf6 Bxf6 17. Rxc5 a5 18. Ne5 Bxe5 19. dxe5 h6 20. f4 Ke7 21. b4 axb4 22. axb4 Nxb4 23. Rxc7 Kd8 24. Rb7 Nd5 25. Bc5 Rc8 26. Bd6 Ne7 27. Rd1 Nd5 28. Rdb1 Ne7 29. Ra1 Nc6 30. Rd1 Na5 31. Ra7 Nc6 32. Ra2 g6 33. Rad2 Rh7 34. Kf2 Ke8 35. g4 Ne7 36. Bxe7 Rxe7 37. h4 Rf7 38. Kg3 Rc3+ 39. Rd3 Rc4 40. Rd4 Rc3+ 41. R1d3 Rc1 42. Rd1 Rxd1 43. Rxd1 Ke7 44. Rd6 Rf8 45. h5 gxh5 46. g5 h4+ 47. Kg4 h3 48. Kxh3 hxg5 49. fxg5 Rf5 50. Kg4 Rxe5 51. Rd1 d5 52. Rf1 Re2 53. Kf3 Re4 54. Kg3 Ra4 55. Rf2 Ra8 56. Kg4 Rf8 57. Ra2 d4 58. Kh5 e5 59. g6 d3 60. Kh6 Ke6 61. g7 Rg8 62. Kh7 Rxg7+ 63. Kxg7 e4 64. Rd2 Kf5 65. Rf2+ Ke5 66. Kg6 e3 67. Rf1 d2 0-1

[Event "Preferente Aragonesa 2024 - Grupo I"]
[Site "?"]
[Date "2024.03.23"]
[Round "9.41"]
[White "Munoz Valles, Jorge"]
[Black "Carrasquer Alonso, Luis"]
[Result "1-0"]
[WhiteElo "2001"]
[BlackElo "1816"]
[PlyCount "79"]
[GameId "2166508142187156"]
[EventDate "2024.01.27"]
[WhiteTeam "El Olivar C"]
[BlackTeam "Jaque - Aramovil B"]

1. d4 d5 2. c4 e6 3. Nc3 Nf6 4. cxd5 exd5 5. Bg5 Be7 6. e3 c6 7. Qc2 Ne4 8. Bxe7 Qxe7 9. Nxd5 cxd5 10. Qxc8+ Qd8 11. Rc1 Nd7 12. Qxd8+ Kxd8 13. Bd3 Nb6 14. Ne2 Kd7 15. Nf4 Rhc8 16. Ke2 Nd6 17. Rc5 Ke7 18. Nxd5+ Nxd5 19. Rxd5 b6 20. Kd2 Nc4+ 21. Bxc4 Rxc4 22. Rc1 Rxc1 23. Kxc1 Rc8+ 24. Kd2 Rc6 25. Rg5 g6 26. g4 a6 27. h4 Rd6 28. Re5+ Kd7 29. g5 f6 30. gxf6 Rxf6 31. f4 Rc6 32. e4 Rf6 33. Rd5+ Kc7 34. f5 h6 35. Re5 gxf5 36. exf5 h5 37. Kd3 Kd7 38. Ke4 Rc6 39. Re6 Rc7 40. Rxb6 1-0

[Event "Preferente Aragonesa 2024 - Grupo I"]
[Site "?"]
[Date "2024.03.23"]
[Round "9.42"]
[White "Montoro Mavilla, Sergio"]
[Black "Labrador Postigo, Francisco M."]
[Result "1-0"]
[WhiteElo "1787"]
[BlackElo "1799"]
[PlyCount "81"]
[GameId "2166508142219925"]
[EventDate "2024.01.27"]
[WhiteTeam "Jaque - Aramovil B"]
[BlackTeam "El Olivar C"]

1. e4 c6 2. d4 d5 3. exd5 cxd5 4. Bd3 Nc6 5. c3 Nf6 6. Bf4 Bg4 7. Qb3 Qd7 8. Nd2 e6 9. Ngf3 Bxf3 10. Nxf3 Be7 11. Ne5 Qc8 12. Qd1 Nxe5 13. Bxe5 O-O 14. Qc2 h6 15. h4 Qc6 16. g4 Ne4 17. f3 f6 18. Bf4 e5 19. fxe4 exf4 20. Qb3 Bd6 21. Kf2 a6 22. h5 Rae8 23. Rae1 Re7 24. exd5 Qe8 25. Bg6 Qd8 26. Rxe7 Qxe7 27. Re1 Qc7 28. Kf3 b5 29. Re6 Rc8 30. Qc2 Qc4 31. Rxd6 Qf1+ 32. Qf2 Qc1 33. Re6 Qh1+ 34. Qg2 Qc1 35. Re2 a5 36. Qf2 Qh1+ 37. Kxf4 Qxd5 38. Qe3 Qd6+ 39. Kf3 Qd5+ 40. Kf2 Kf8 41. Qe8+ 1-0